Los Exploradores de España : boy-scouts españoles ¿Qué son? ¿Qué hacen? boy-scouts españoles ¿Qué son? ¿Qué hacen?
Descripción Física:
[8 f.] ; 18 cm
Materias:
Escoltes -- Espanya
MARC
| LEADER | 00000nam a2200000Ia 4500 | ||
|---|---|---|---|
| 001 | 17510 | ||
| 008 | 160829s9999 xx 000 0 cat d | ||
| 080 | |a RF-15-36 | ||
| 245 | |a Los Exploradores de España : |b boy-scouts españoles ¿Qué son? ¿Qué hacen? | ||
| 250 | |a 5a ed., corr. y aum. | ||
| 260 | |a [Barcelona] : |b 1929 | ||
| 300 | |a [8 f.] ; |c 18 cm | ||
| 590 | |a Prové de 3911, exp. 9 | ||
| 650 | |a Escoltes |x Espanya |9 46917 | ||
| 856 | 4 | |u https://media.diba.cat/diba/fitxers/arxiu/fulletons/bib_17510_1929_baixa.pdf |y Accés lliure | |
| 856 | 4 | |u https://media.diba.cat/diba/fitxers/arxiu/fulletons/bib_17510_1929_baixa.pdf |y Accés lliure | |
| 901 | |a Arxiu | ||
| 942 | |n 1 |2 udc | ||
| 952 | |0 0 |1 0 |4 0 |6 RF1536 |7 1 |9 53623 |a Arxiu |b Arxiu |d 2016-12-01 |l 0 |o RF-15-36 |p 17510 |r 2016-12-01 00:00:00 |w 2016-12-01 |y ARXIU | ||
| 999 | |c 57489 |d 57489 | ||
| 900 | |a bib_17510_1929_baixa.pdf | ||